Introduction to psychology: Based on Schaum's outline of theory and problems of introduction to psychology
שמור ב:
| מחבר ראשי: | |
|---|---|
| פורמט: | ספר |
| שפה: | Undetermined |
| יצא לאור: |
New York
McGraw-Hill
2002
|
| נושאים: | |
| תגים: |
הוספת תג
אין תגיות, היה/י הראשונ/ה לתייג את הרשומה!
|
| Thư viện lưu trữ: | Trung tâm Học liệu Trường Đại học Cần Thơ |
|---|
| LEADER | 00533nam a2200181Ia 4500 | ||
|---|---|---|---|
| 001 | CTU_54882 | ||
| 008 | 210402s9999 xx 000 0 und d | ||
| 020 | |b 80000 | ||
| 082 | |a 150 | ||
| 082 | |b W832 | ||
| 100 | |a Arno F. Wittig | ||
| 245 | 0 | |a Introduction to psychology: Based on Schaum's outline of theory and problems of introduction to psychology | |
| 245 | 0 | |c Arno F. Wittig | |
| 260 | |a New York | ||
| 260 | |b McGraw-Hill | ||
| 260 | |c 2002 | ||
| 650 | |a psychology | ||
| 980 | |a Trung tâm Học liệu Trường Đại học Cần Thơ | ||